| 000 | 00966nam a22002177a 4500 | ||
|---|---|---|---|
| 005 | 20251008145245.0 | ||
| 010 | _aHIN-130489 | ||
| 020 | _a9789392655661 | ||
| 035 | _aHN-102835 | ||
| 037 |
_bDBAD _a1 |
||
| 082 |
_aक _2प्रथम _b1 |
||
| 100 |
_aव्यास विप्लव _985441 |
||
| 245 |
_aजन्मदिन/ _cविप्लव व्यास _hहिंदी |
||
| 250 | _aप्रथम | ||
| 260 |
_aबीकानेर _bकलासन प्रकाशन _c2023 |
||
| 270 |
_aमॉडर्न मार्किट _bबीकानेर _e334001 |
||
| 300 |
_a128 पृ. _c22 सेमी (सजिल्द ) |
||
| 500 | _aमुरलीधर व्यास 'राजस्थानी' के राजस्थानी कहानी संग्रह 'बरसगांठ' का हिंदी अनुवाद. | ||
| 700 | _985437 | ||
| 942 |
_2ddc _cHN _hक _mव्यासवि |
||
| 999 |
_c213623 _d213623 |
||